000 00414nam a22001577a 4500
005 20260302094630.0
008 260302b |||||||| |||| 00| 0 eng d
020 _a978-178578-342-5
100 _aMAY, ANDREW
245 _aASTROBIOLOGY
_bTHE SERACH FOR LIFE ELSEWHERE IN THE UNIVERSE
260 _aLONDON
_bICON
_c2019
300 _a168P.
500 _aINCLUDES INDEX
650 _aASTRONOMY
942 _2lcc
_cBK
999 _c216728
_d216728